01728nam a2200433 i 450000100060000000300080000600500170001400600190003100700150005000800410006502000180010603500220012404000310014605000250017708000120020208200210021410000420023524501050027726400530038230000410043533600290047633700330050533800430053849000200058150400420060158800830064359001620072665000510088865000350093965000340097465000460100865000570105465000370111165500270114879700180117583000210119385600630121499900170127759310FINmELB20241216233101.0m o u cr cn|||||||||210329s2016 ck ob 000 0dspa d z9789588869421 a(OCoLC)1198293420 aFINmELBbspaerdacFINmELB 4aHN310.F76bE445 2016 a323.28504a303.609861262231 aElejalde Arbeláez, Ramón,eautor.10aDon Mateo Rey :bcrónicas de barbarie en el occidente antioqueño /cRamón Elejalde Arbeláez. 1aMedellín, Colombia :bEdiciones UNAULA,c2016. a1 recurso en línea (182 páginas) atextobtxt2rdamedia/spa acomputadorabc2rdamedia/spa arecurso en líneabcr2rdacarrier/spa1 aTierra baldía aIncluye referencias bibliográficas. aDescripción basada en metadatos suministrados por el editor y otras fuentes. aRecurso electrónico. Santa Fe, Arg.: elibro, 2021. Disponible vía World Wide Web. El acceso puede estar limitado para las bibliotecas afiliadas a elibro. 0aVictims of violent crimeszColombiaxFrontino. 4aViolenciazColombiaxFrontino. 0aViolencezColombiaxFrontino. 4aVíctimas de guerrazColombiaxFrontino. 4aVíctimas de delitos violentoszColombiaxFrontino. 0aWar victimszColombiaxFrontino. 4aLibros electrónicos.2 aelibro, Corp. 0aTierra baldía.40uhttps://elibro.net/ereader/politecnicointernacional/164574 c59310d59310